[Event "Paignton Morning Thynne op"]
[Site "Torquay"]
[Date "2018.09.07"]
[Round "5"]
[White "Wood, Peter C"]
[Black "Rogers, David R"]
[Result "1/2-1/2"]
[WhiteElo "1670"]
[BlackElo "1702"]
[PlyCount "31"]
[EventDate "2018.09.03"]
[EventType "swiss"]
[EventRounds "5"]
[EventCountry "ENG"]
[SourceTitle "EXT 2021"]
[Source "ChessBase"]
[SourceDate "2020.10.23"]
[SourceVersion "1"]
[SourceVersionDate "2020.10.23"]
[SourceQuality "1"]

1. Nf3 d6 2. d4 Bg4 3. h3 Bh5 4. c4 Nd7 5. e4 e5 6. Be2 Be7 7. 0-0 Ngf6 8. Nc3 0-0 9. Be3 Bxf3 10. Bxf3 exd4 11. Bxd4 Ne5 12. Bxe5 dxe5 13. Qc2 c6 14. Rad1 Qc7 15. Rd2 Rad8 16. Rfd1 1/2-1/2

[Event "Crawley e2e4 Gatwick op U1850"]
[Site "Crawley"]
[Date "2016.05.30"]
[Round "7"]
[White "Watson, Mikey J"]
[Black "Wood, Peter C"]
[Result "1-0"]
[WhiteElo "1465"]
[BlackElo "1770"]
[PlyCount "55"]
[EventDate "2016.05.27"]
[EventType "swiss"]
[EventRounds "7"]
[EventCountry "ENG"]
[SourceTitle "EXT 2019"]
[Source "ChessBase"]
[SourceDate "2018.10.10"]
[SourceVersion "1"]
[SourceVersionDate "2018.10.10"]
[SourceQuality "1"]

1. e4 e6 2. d4 d5 3. Nc3 Bb4 4. e5 Qd7 5. Bd3 b6 6. Qg4 f5 7. Qh5+ Qf7 8. Qxf7+ Kxf7 9. Bd2 Ba6 10. Nb5 Bxd2+ 11. Kxd2 Bxb5 12. Bxb5 Ne7 13. Nh3 h6 14. Nf4 c5 15. c3 Nbc6 16. Ke3 cxd4+ 17. cxd4 Rhc8 18. Rac1 Na5 19. Bd7 Rxc1 20. Rxc1 Nc4+ 21. Ke2 Nxb2 22. Bxe6+ Ke8 23. Nxd5 Nxd5 24. Bxd5 Rd8 25. Bc6+ Ke7 26. Rc2 Rc8 27. d5 Rxc6 28. dxc6 1-0

[Event "Crawley e2e4 Gatwick op U1950"]
[Site "Crawley"]
[Date "2016.02.20"]
[Round "3"]
[White "Rahman, K Azizur"]
[Black "Wood, Peter C"]
[Result "1/2-1/2"]
[WhiteElo "1855"]
[BlackElo "1822"]
[PlyCount "68"]
[EventDate "2016.02.19"]
[EventType "swiss"]
[EventRounds "5"]
[EventCountry "ENG"]
[SourceTitle "EXT 2019"]
[Source "ChessBase"]
[SourceDate "2018.10.10"]
[SourceVersion "1"]
[SourceVersionDate "2018.10.10"]
[SourceQuality "1"]

1. c4 Nf6 2. Nc3 e6 3. d4 d5 4. Bg5 Be7 5. Nf3 h6 6. Bf4 c6 7. e3 0-0 8. Qa4 Nbd7 9. cxd5 exd5 10. Bd3 Re8 11. h3 Nf8 12. 0-0 Ne6 13. Bh2 Ng5 14. Nxg5 hxg5 15. Rae1 Bd6 16. e4 Bxh2+ 17. Kxh2 dxe4 18. Nxe4 Nxe4 19. Bxe4 g4 20. Bb1 gxh3 21. gxh3 Qd6+ 22. Kg2 Rxe1 23. Rxe1 Be6 24. Qc2 g6 25. Qd2 Rd8 26. Rd1 Bd5+ 27. f3 c5 28. Qa5 a6 29. Be4 Bxe4 30. fxe4 cxd4 31. Rd3 Re8 32. Qd5 Qxd5 33. exd5 Re4 34. Kf3 f5 1/2-1/2

[Event "Guernsey Holiday op"]
[Site "Guernsey"]
[Date "2011.10.22"]
[Round "7"]
[White "Savident, David B"]
[Black "Wood, Peter C"]
[Result "0-1"]
[WhiteElo "1590"]
[BlackElo "1728"]
[PlyCount "98"]
[EventDate "2011.10.16"]
[EventType "swiss"]
[EventRounds "7"]
[EventCountry "GCI"]
[SourceTitle "EXT 2015"]
[Source "ChessBase"]
[SourceDate "2014.11.20"]
[SourceVersion "1"]
[SourceVersionDate "2014.11.20"]
[SourceQuality "1"]

1. e4 e6 2. b3 d5 3. Bb2 dxe4 4. Nc3 Nf6 5. Qe2 Nbd7 6. 0-0-0 Be7 7. d3 exd3 8. Qxd3 0-0 9. Nf3 b6 10. Nd4 Bb7 11. Qh3 c5 12. Ndb5 Qb8 13. Bd3 Qf4+ 14. Kb1 Rfd8 15. f3 a6 16. Ne2 Qb8 17. Nbc3 Ne5 18. Nc1 Nxd3 19. Nxd3 Qc7 20. Rhe1 c4 21. Nf2 Rxd1+ 22. Rxd1 cxb3 23. cxb3 Rd8 24. Rc1 Qf4 25. Qg3 Qxg3 26. hxg3 Rd2 27. Nce4 Nxe4 28. Nxe4 Bxe4+ 29. fxe4 h6 30. Rc8+ Kh7 31. Rc7 Bf6 32. Bxf6 gxf6 33. Rxf7+ Kg6 34. Re7 e5 35. Re6 Rxg2 36. Rxb6 Rxg3 37. Rxa6 h5 38. b4 h4 39. b5 h3 40. Ra8 Rg1+ 41. Kc2 h2 42. Rh8 h1Q 43. Rxh1 Rxh1 44. b6 f5 45. a4 Rh8 46. a5 Rb8 47. exf5+ Kxf5 48. Kd3 e4+ 49. Kd4 e3 0-1

[Event "Guernsey Holiday op"]
[Site "Guernsey"]
[Date "2010.10.19"]
[Round "3"]
[White "Wood, Peter C"]
[Black "Collins, Alan"]
[Result "1/2-1/2"]
[WhiteElo "1768"]
[BlackElo "1600"]
[PlyCount "40"]
[EventDate "2010.10.17"]
[EventType "swiss"]
[EventRounds "7"]
[EventCountry "GCI"]
[SourceTitle "EXT 2013"]
[Source "ChessBase"]
[SourceDate "2012.11.22"]
[SourceVersion "1"]
[SourceVersionDate "2012.11.22"]
[SourceQuality "1"]

1. Nf3 f5 2. d4 Nf6 3. c4 d6 4. g3 c6 5. Bg2 g6 6. 0-0 Bg7 7. Nc3 0-0 8. Bf4 Nh5 9. Qd2 Nxf4 10. Qxf4 Qe8 11. Rac1 e5 12. dxe5 dxe5 13. Qd2 Be6 14. Nd1 Na6 15. e3 Rd8 16. Qa5 e4 17. Ng5 Bc8 18. c5 Qe7 19. h4 Rd5 20. b4 Rfd8 1/2-1/2

[Event "EU-chT Seniors 12th"]
[Site "Dresden"]
[Date "2010.02.15"]
[Round "6"]
[White "Appelt, Gerd"]
[Black "Wood, Peter C"]
[Result "1-0"]
[WhiteElo "2065"]
[BlackElo "1904"]
[PlyCount "67"]
[EventDate "2010.02.10"]
[EventType "team-swiss"]
[EventRounds "9"]
[EventCountry "GER"]
[SourceTitle "CBM 134 Extra"]
[Source "ChessBase"]
[SourceDate "2010.03.03"]
[SourceVersion "1"]
[SourceVersionDate "2010.03.03"]
[SourceQuality "1"]
[WhiteTeam "Dresden TuR (Seniors)"]
[BlackTeam "England (Seniors) II"]
[WhiteTeamCountry "GER"]
[BlackTeamCountry "ENG"]

1. e4 e6 2. d4 d5 3. e5 Qd7 4. f4 b6 5. Nf3 Ba6 6. Bxa6 Nxa6 7. Qe2 Nb8 8. Be3 Ne7 9. 0-0 h5 10. Nh4 g6 11. Nd2 Nf5 12. Nxf5 gxf5 13. Rf3 Nc6 14. Rh3 h4 15. Bf2 Be7 16. Nf3 0-0-0 17. Rd1 Rdg8 18. Bxh4 Rg4 19. Bg3 Rxh3 20. gxh3 Rg7 21. Kf2 Qd8 22. h4 Rg4 23. Ng5 Bxg5 24. hxg5 Qh8 25. Qf1 Rh4 26. Bxh4 Qxh4+ 27. Kg1 Ne7 28. Rd3 Ng6 29. Rf3 Qg4+ 30. Qg2 Nxf4 31. Qxg4 Ne2+ 32. Kf2 fxg4 33. Rxf7 Nxd4 34. g6 1-0

[Event "Guernsey op 35th"]
[Site "Guernsey"]
[Date "2009.10.23"]
[Round "6"]
[White "Wood, Peter C"]
[Black "Burton, Ronnie"]
[Result "1-0"]
[WhiteElo "1914"]
[BlackElo "2036"]
[PlyCount "111"]
[EventDate "2009.10.18"]
[EventType "swiss"]
[EventRounds "7"]
[EventCountry "GCI"]
[SourceTitle "EXT 2010"]
[Source "ChessBase"]
[SourceDate "2010.11.25"]
[SourceVersion "1"]
[SourceVersionDate "2010.11.25"]
[SourceQuality "1"]

1. d4 g6 2. c4 Bg7 3. Nf3 d6 4. g3 Nf6 5. Nc3 0-0 6. Bg2 Nbd7 7. 0-0 e5 8. dxe5 dxe5 9. Qc2 c6 10. Rd1 Qc7 11. Ng5 Nc5 12. Nge4 Ncxe4 13. Nxe4 Nxe4 14. Bxe4 Be6 15. Bg5 f6 16. Be3 Rfd8 17. b3 f5 18. Bg2 f4 19. Bc5 Bf5 20. Be4 Bxe4 21. Qxe4 b6 22. Ba3 fxg3 23. hxg3 Rd4 24. Qc2 e4 25. Bb2 Rxd1+ 26. Rxd1 e3 27. Bxg7 exf2+ 28. Kxf2 Qxg7 29. Qe4 Rf8+ 30. Kg2 Qf6 31. Qe3 c5 32. Qf3 Qb2 33. Qd5+ Kh8 34. Rd2 Qf6 35. Qf3 Qe7 36. Rd7 Qf6 37. Qxf6+ Rxf6 38. Rxa7 h5 39. e4 Kg8 40. Rb7 Kf8 41. e5 Re6 42. Kf3 Rxe5 43. Rxb6 Rf5+ 44. Kg2 Kf7 45. Rd6 Re5 46. Kf3 Rf5+ 47. Kg2 Re5 48. a4 Re2+ 49. Kf3 Rc2 50. Rb6 g5 51. a5 Rc3+ 52. Ke4 Rxg3 53. a6 Rg1 54. Kf5 g4 55. Rb7+ Ke8 56. a7 1-0

[Event "Guernsey op 35th"]
[Site "Guernsey"]
[Date "2009.10.20"]
[Round "3"]
[White "Wood, Peter C"]
[Black "Thurlow, Kevin J"]
[Result "0-1"]
[WhiteElo "1914"]
[BlackElo "2070"]
[PlyCount "48"]
[EventDate "2009.10.18"]
[EventType "swiss"]
[EventRounds "7"]
[EventCountry "GCI"]
[SourceTitle "EXT 2010"]
[Source "ChessBase"]
[SourceDate "2010.11.25"]
[SourceVersion "1"]
[SourceVersionDate "2010.11.25"]
[SourceQuality "1"]

1. c4 Nf6 2. Nc3 c5 3. Nf3 e6 4. e4 d6 5. d4 cxd4 6. Qxd4 Nc6 7. Qe3 Be7 8. g3 0-0 9. Bg2 d5 10. cxd5 exd5 11. Nxd5 Nxd5 12. exd5 Bb4+ 13. Kf1 Qxd5 14. Bd2 Bg4 15. Bxb4 Nxb4 16. Nd4 Qc4+ 17. Kg1 Rad8 18. a3 Nd3 19. b3 Rfe8 20. Be4 Qxd4 21. Qxd3 Qxd3 22. Bxd3 Bf3 23. Bf1 Bxh1 24. Kxh1 Rd2 0-1

[Event "EU-chT Seniors 11th"]
[Site "Velden"]
[Date "2009.04.08"]
[Round "4"]
[White "Wood, Peter C"]
[Black "Muratoglu, Salih"]
[Result "0-1"]
[WhiteElo "1965"]
[BlackElo "2105"]
[PlyCount "84"]
[EventDate "2009.04.05"]
[EventType "team-swiss"]
[EventRounds "9"]
[EventCountry "AUT"]
[SourceTitle "CBM 129 Extra"]
[Source "ChessBase"]
[SourceDate "2009.05.05"]
[SourceVersion "2"]
[SourceVersionDate "2009.05.20"]
[SourceQuality "1"]

1. d4 Nf6 2. c4 g6 3. Nc3 Bg7 4. Nf3 d6 5. Bg5 Nbd7 6. e3 c6 7. Be2 h6 8. Bh4 g5 9. Bg3 Nh5 10. Qc2 Ndf6 11. 0-0 0-0 12. Rad1 Qa5 13. Nd2 Ng4 14. Qe4 Re8 15. Bxg4 Nf6 16. Qc2 Bxg4 17. Rde1 e5 18. dxe5 dxe5 19. Nde4 Nxe4 20. Nxe4 Be6 21. Nd2 Rad8 22. Rd1 Qc5 23. b3 f5 24. h3 f4 25. Ne4 Qe7 26. exf4 exf4 27. Bh2 Rxd1 28. Rxd1 Bxh3 29. Re1 Be6 30. f3 Rd8 31. Qe2 Bf5 32. Kh1 Bxe4 33. Qxe4 Qxe4 34. fxe4 Kf7 35. Bg1 b6 36. Re2 Rd1 37. Kh2 Be5 38. Rc2 g4 39. Bf2 g3+ 40. Bxg3 fxg3+ 41. Kh3 h5 42. Kh4 Kg6 0-1

[Event "Guernsey Holiday op"]
[Site "Guernsey"]
[Date "2008.10.25"]
[Round "7"]
[White "Wood, Peter C"]
[Black "Timmerman, Peter"]
[Result "1-0"]
[WhiteElo "1664"]
[BlackElo "1598"]
[PlyCount "51"]
[EventDate "2008.10.19"]
[EventType "swiss"]
[EventRounds "7"]
[EventCountry "GCI"]
[SourceTitle "EXT 2011"]
[Source "ChessBase"]
[SourceDate "2010.11.26"]
[SourceVersion "1"]
[SourceVersionDate "2010.11.26"]
[SourceQuality "1"]

1. d4 Nf6 2. c4 e5 3. dxe5 Ne4 4. Qc2 d5 5. cxd5 Qxd5 6. Nc3 Bb4 7. Bd2 Bxc3 8. Bxc3 Nc6 9. Rd1 Nxc3 10. Rxd5 Nxd5 11. Nf3 g6 12. a3 0-0 13. e4 Nde7 14. Bb5 Bg4 15. Bxc6 Nxc6 16. 0-0 Bxf3 17. gxf3 Rac8 18. Rd1 Nxe5 19. Kg2 f5 20. Qb3+ Rf7 21. f4 Nc6 22. Rd7 Rcf8 23. e5 Kg7 24. Rxf7+ Rxf7 25. Qxb7 Na5 26. Qb5 1-0

[Event "Guernsey Holiday op"]
[Site "Guernsey"]
[Date "2008.10.24"]
[Round "6"]
[White "Beadle, John R"]
[Black "Wood, Peter C"]
[Result "1-0"]
[WhiteElo "1352"]
[BlackElo "1664"]
[PlyCount "86"]
[EventDate "2008.10.19"]
[EventType "swiss"]
[EventRounds "7"]
[EventCountry "GCI"]
[SourceTitle "EXT 2011"]
[Source "ChessBase"]
[SourceDate "2010.11.26"]
[SourceVersion "1"]
[SourceVersionDate "2010.11.26"]
[SourceQuality "1"]

1. e4 e6 2. d4 d5 3. e5 Qd7 4. Nf3 b6 5. Bd3 Ba6 6. 0-0 Bxd3 7. Qxd3 Ne7 8. Bf4 c5 9. c3 Nbc6 10. a3 Nf5 11. h3 Be7 12. Nbd2 cxd4 13. cxd4 Rc8 14. Rac1 0-0 15. g4 Nh4 16. Ng5 Bxg5 17. Bxg5 Ng6 18. Nf3 h6 19. Bd2 Qd8 20. Kh2 Nh4 21. Nxh4 Qxh4 22. f4 Qd8 23. f5 Na5 24. Rxc8 Qxc8 25. f6 Qc4 26. Qf3 g5 27. Bc3 Nc6 28. Qf2 Rc8 29. Rg1 Qd3 30. h4 b5 31. Rg3 Qg6 32. Rh3 a5 33. hxg5 hxg5 34. Rh5 b4 35. Bd2 Qd3 36. Be3 Nxd4 37. Rxg5+ Kf8 38. Rh5 Kg8 39. Qf4 Rc2+ 40. Kh3 Re2 41. Qg5+ Qg6 42. Bxd4 Qxg5 43. Rxg5+ Kf8 1-0

[Event "Guernsey Holiday op"]
[Site "Guernsey"]
[Date "2008.10.19"]
[Round "1"]
[White "Foster, Paul"]
[Black "Wood, Peter C"]
[Result "1/2-1/2"]
[WhiteElo "1488"]
[BlackElo "1664"]
[PlyCount "110"]
[EventDate "2008.10.19"]
[EventType "swiss"]
[EventRounds "7"]
[EventCountry "GCI"]
[SourceTitle "EXT 2011"]
[Source "ChessBase"]
[SourceDate "2010.11.26"]
[SourceVersion "1"]
[SourceVersionDate "2010.11.26"]
[SourceQuality "1"]

1. e4 e6 2. d4 d5 3. e5 Qd7 4. f4 b6 5. Nf3 Ba6 6. Bd3 Bxd3 7. Qxd3 c5 8. c3 Nc6 9. a3 cxd4 10. cxd4 Nge7 11. Nc3 h5 12. Nh4 g6 13. 0-0 Nxd4 14. b4 Nef5 15. Nxf5 Nxf5 16. Bb2 Be7 17. Rac1 0-0 18. Rc2 Rfc8 19. Rfc1 Rc4 20. Ne2 Rxc2 21. Rxc2 Rc8 22. Rxc8+ Qxc8 23. g3 a6 24. Kg2 b5 25. Qc3 Qxc3 26. Bxc3 Ne3+ 27. Kf3 Nc4 28. Nd4 Bd8 29. Nc2 Bb6 30. Be1 Kf8 31. Bf2 Bxf2 32. Kxf2 Ke7 33. Ke2 f6 34. exf6+ Kxf6 35. h3 e5 36. fxe5+ Kxe5 37. Kf3 d4 38. Ne1 Nb2 39. Ng2 Kd5 40. Nf4+ Kc4 41. Nxg6 Kc3 42. Nf4 d3 43. Nd5+ Kd4 44. Ne3 Kc3 45. g4 hxg4+ 46. hxg4 Nc4 47. Nd1+ Kd2 48. Nf2 Ne5+ 49. Kf4 Nxg4 50. Nxg4 Ke2 51. Ke4 d2 52. Ne3 d1Q 53. Nxd1 Kxd1 54. Kd3 Kc1 55. Kc3 Kd1 1/2-1/2

[Event "EU-chT Seniors 09th"]
[Site "Dresden"]
[Date "2007.02.19"]
[Round "4"]
[White "Gafke, Manfred"]
[Black "Wood, Peter C"]
[Result "1/2-1/2"]
[WhiteElo "1934"]
[BlackElo "1940"]
[PlyCount "24"]
[EventDate "2007.02.16"]
[EventType "team-swiss"]
[EventRounds "9"]
[EventCountry "GER"]
[SourceTitle "CBM 117 Extra"]
[Source "ChessBase"]
[SourceDate "2007.05.09"]
[SourceVersion "1"]
[SourceVersionDate "2007.05.09"]
[SourceQuality "1"]

1. d4 d5 2. Nf3 Nf6 3. Bf4 c6 4. e3 Bf5 5. c3 Nbd7 6. Nbd2 e6 7. Be2 Be7 8. Ne5 Nxe5 9. Bxe5 0-0 10. 0-0 Ne4 11. Nxe4 Bxe4 12. Qb3 Qb6 1/2-1/2

[Event "Guernsey Holiday op"]
[Site "St Peter Port"]
[Date "2003.10.23"]
[Round "5"]
[White "Beggs, Matthew"]
[Black "Wood, Peter C"]
[Result "0-1"]
[WhiteElo "1248"]
[BlackElo "1664"]
[PlyCount "52"]
[EventDate "2003.10.19"]
[EventType "swiss"]
[EventRounds "7"]
[EventCountry "GCI"]
[SourceTitle "EXT 2006"]
[Source "ChessBase"]
[SourceDate "2005.11.24"]
[SourceVersion "1"]
[SourceVersionDate "2005.11.24"]
[SourceQuality "1"]

1. d4 d5 2. c4 e6 3. Nc3 Be7 4. Nf3 Nf6 5. Bg5 h6 6. Bh4 0-0 7. e3 b6 8. Bd3 Bb7 9. 0-0 Nbd7 10. Qe2 Ne4 11. Bxe7 Qxe7 12. Rac1 Ndf6 13. Ne5 Rac8 14. cxd5 exd5 15. Nb5 c5 16. Rfd1 Ba6 17. Nxa7 Qxa7 18. Bxa6 Ra8 19. Bb5 Qxa2 20. f3 Nd6 21. Bc6 Ra5 22. Rd2 Qb3 23. Rc3 Ra1+ 24. Kf2 Qb4 25. dxc5 Qh4+ 26. g3 Qxh2# 0-1